000
00280nam a22001217a 4500
008
180131b xxu||||| |||| 00| 0 eng d
041
_a
eng
080
_a
37
100
_a
47
101
_a
EDU
245
_a
A report on children in poverty poor kids
_c
Schorr,A.L
942
_2
udc
_c
BK
999
_c
41374
_d
41374